| 000 | 00709nam a22002177a 4500 | ||
|---|---|---|---|
| 999 |
_c22639 _d22639 |
||
| 003 | AR-CdUCM | ||
| 008 | 190427b ||||| |||| 00| 0 spa d | ||
| 020 | _a9786124294310 | ||
| 040 |
_aMUNICIPALIDAD PROVINCIAL DEL CUSCO _cBIBLIOTECA MUNICIPAL DEL CUSCO |
||
| 082 |
_a869.57/V3955A _bV3955A |
||
| 100 |
_aVelarde, Maggie _948726 |
||
| 245 |
_aEl apu descalzo / _cMaggie Velarde |
||
| 260 |
_aLima : _bAlastor Editores, _c2021. |
||
| 300 |
_a72 páginas: _bilustraciones (algunas en color) ; _c19 x 21 cm. |
||
| 440 |
_aEsplendor en la hierba ; _n4 _948727 |
||
| 500 | _aTexto en idioma ingles. | ||
| 650 |
_aPoesías peruanas _948728 |
||
| 650 |
_aSiglo XXI _948729 |
||
| 942 |
_2ddc _cLIBROS |
||
| 945 | _arac | ||